The South African Law Journal / (Record no. 1510)

MARC details
000 -LEADER
fixed length control field 00492nam a22001697a 4500
005 - DATE AND TIME OF INPUT
control field 20240412070705.0
008 - DATA ELEMENTS--GENERAL INFORMATION
fixed length control field 240412b |||||||| |||| 00| 0 eng d
022 ## - INTERNATIONAL STANDARD SERIAL NUMBER
International Standard Serial Number 02582503
041 ## - LANGUAGE CODE
Language code of text English
082 ## - SHELF NUMBER
DDC number 349 SOU
100 ## - MAIN AUTHOR
Language of a work English
245 ## - TITLE STATEMENT
Title The South African Law Journal /
Statement of responsibility, etc. edited by E Kahn
260 ## - PUBLICATION, DISTRIBUTION, ETC.
Place of publication, distribution, etc. Cape Town :
Name of publisher, distributor, etc. Juta and Company Ltd,
Date of publication, distribution, etc. 1993
300 ## - PHYSICAL DESCRIPTION
Other physical details 194 pages ;
Dimensions 25 cm.
650 ## - SUBJECT`
Broad subject Legal practice
Own subject terms Law
942 ## - ADDED ENTRY ELEMENTS (KOHA)
Item type Books
942 ## - ADDED ENTRY ELEMENTS (KOHA)
-- ALISON_BN_VRIES
Holdings
Source of classification or shelving scheme Not for loan Collection code Home library Current library Shelving location Date acquired Full call number Barcode Price effective from Koha item type
Dewey Decimal Classification   SERIES LAW SOCIETY OF NAMIBIA LIBRARY - WINDHOEK LAW SOCIETY OF NAMIBIA LIBRARY - WINDHOEK South African Law Reports 04/12/2024 349 SOU LSN/2023/1380 04/12/2024 Books
Dewey Decimal Classification   SERIES LAW SOCIETY OF NAMIBIA LIBRARY - WINDHOEK LAW SOCIETY OF NAMIBIA LIBRARY - WINDHOEK South African Law Reports 04/12/2024 349 SOU LSN/2023/1381 04/12/2024 Books
Dewey Decimal Classification   SERIES LAW SOCIETY OF NAMIBIA LIBRARY - WINDHOEK LAW SOCIETY OF NAMIBIA LIBRARY - WINDHOEK South African Law Reports 04/12/2024 349 SOU LSN/2023/1382 04/12/2024 Books
Dewey Decimal Classification   SERIES LAW SOCIETY OF NAMIBIA LIBRARY - WINDHOEK LAW SOCIETY OF NAMIBIA LIBRARY - WINDHOEK South African Law Reports 04/12/2024 349 SOU LSN/2023/1383 04/12/2024 Books